01287nam a22003377a 4500003000500000005001700005008004100022010001000063011001000073020001500083035001100098040000900109082001600118100003900134245015200173260011600325300001100441590004100452590004100493590004100534590004200575650002200617650003100639650003300670901000700703905001000710942001000720949006600730999001700796952013600813CHAP20220329143110.0060320d2005 mx r 00110 spa d a91908 a92880 a9680201724 a103447 cCHAP04a633.15bM3100aMárquez Sánchez, Fidel.97635410aNuevas ecuaciones endogámicas para el mejoramiento genético del maíz :binvestigaciones teóricas personalesc/por Fidel Márquez Sánchez aChapingo, Méx. :bUACH. Dirección de Centros Regionales. Centro Regional Universitario de Occidente,c2005. a129 p. aBATCH-UPDb10c20130110lUCH01h1720 aBATCH-UPDb10c20130410lUCH01h1104 aBATCH-UPDb10c20130914lUCH01h1305 aCONVERSIONb10c20130109lUCH01h135114aEndogamia.93687314aMaízxGenética.97096314aMaízxMejoramiento.971006 aBK aLilia cLIBRO a633.15 M31bBCcUACHd33724000959045eUACHh107879i103447sb c91908d91908 00104053708UACHaBCbBCcPA_UACHd2019-12-31fLIBROi127l0o633.15 M31p33724000959045r2019-12-31 00:00:00w2019-12-31yLIBRO